000 00329nam a2200145Ia 4500
100 _aBell / david A
250 _a4
942 _cBK
654 _amanual
245 _aLaboratory Manual for Electronic Devices and circuits
260 _bPrentice Hall
_c2001
082 _a621.3815
_bBEL
300 _a246
546 _aENGLISH
999 _c22544
_d22544